[Event "XXXI Festival A"]
[Site "Arco ITA"]
[Date "2009.10.19"]
[Round "3"]
[White "Casagrande, Fabio"]
[Black "Karl, Hans"]
[Result "0-1"]
[WhiteElo "2011"]
[BlackElo "2229"]
[PlyCount "96"]
[EventDate "2009.10.17"]

1. e4 e5 2. Nf3 Nc6 3. d4 exd4 4. Nxd4 Nf6 5. Nc3 Bb4 6. Nxc6 bxc6 7. Bd3 d5 8.
exd5 cxd5 9. O-O O-O 10. Bg5 c6 11. Qf3 Be7 12. Rfe1 Be6 13. h3 Rb8 14. Nd1 h6
15. Bf4 Bd6 16. b3 Qc7 17. Bxd6 Qxd6 18. Ne3 Rfe8 19. Nf5 Bxf5 20. Qxf5 Re6 21.
Rxe6 fxe6 22. Qg6 e5 23. f3 Re8 24. Re1 Qb4 25. Qg3 Qc3 26. Re3 Qd4 27. Qf2 Kf7
28. c3 Qc5 29. b4 Qb6 30. Re2 Qxf2+ 31. Kxf2 Ke6 32. g4 Kd6 33. c4 e4 34. fxe4
dxc4 35. Bc2 Ke5 36. Ke3 Rd8 37. Rf2 g6 38. Rf4 c3 39. h4 Rd2 40. g5 hxg5 41.
hxg5 Nh7 42. Rf2 Rxf2 43. Kxf2 Nxg5 44. Ke3 Ne6 45. a4 Nd4 46. Bd3 g5 47. b5
cxb5 48. axb5 c2 0-1

[Event "XXXI Festival A"]
[Site "Arco ITA"]
[Date "2009.10.19"]
[Round "3"]
[White "Cento, Claudio"]
[Black "Pedrotti, Luciano"]
[Result "1-0"]
[WhiteElo "1661"]
[BlackElo "1829"]
[PlyCount "145"]
[EventDate "2009.10.17"]

1. e4 e5 2. Nf3 Nc6 3. Bb5 a6 4. Ba4 Nf6 5. O-O b5 6. Bb3 Be7 7. Re1 O-O 8. c3
d6 9. h3 Bb7 10. d4 h6 11. Nbd2 Re8 12. d5 Nb8 13. Nf1 Nbd7 14. Ng3 Nf8 15. Be3
Ng6 16. Qd2 Nh7 17. a4 Ng5 18. Nh2 c5 19. Bd1 Nh7 20. Be2 Bg5 21. axb5 Bxe3 22.
Qxe3 Nf4 23. Bf1 Qb6 24. c4 Nf6 25. Ne2 axb5 26. cxb5 Ng6 27. Nc3 Nd7 28. Bc4
Ra5 29. Nf3 Rea8 30. Rxa5 Rxa5 31. Nd2 Qd8 32. Nb3 Ra8 33. Rb1 Nb6 34. Nd2 Nf4
35. Bf1 Qg5 36. Kh2 Qd8 37. g3 Ng6 38. Nc4 Nxc4 39. Bxc4 Qc8 40. Qe1 Ne7 41. f4
f6 42. f5 Qb8 43. Ra1 Nc8 44. Ra3 Nb6 45. Be2 Rxa3 46. bxa3 Qa8 47. Qc1 Qa5 48.
a4 Bc8 49. Qa3 Bd7 50. Qb3 Be8 51. Kg1 Kh7 52. Kf2 Qa7 53. Bd1 Qa5 54. Ke2 g6
55. g4 gxf5 56. exf5 Bf7 57. Bc2 Qa8 58. Be4 Qa5 59. Kd1 Kg7 60. Bc2 Qa8 61.
Be4 Qa5 62. Bd3 Qa8 63. Bc4 h5 64. Kc1 Qa5 65. Kb2 hxg4 66. hxg4 Kh6 67. Ka3
Kg5 68. Ne4+ Kf4 69. Nxd6 Qb4+ 70. Qxb4 cxb4+ 71. Kxb4 Bxd5 72. Bxd5 Nxd5+ 73.
Kc5 1-0

[Event "XXXI Festival A"]
[Site "Arco ITA"]
[Date "2009.10.19"]
[Round "3"]
[White "Dappiano, Andrea"]
[Black "Caldara, Sisto"]
[Result "1-0"]
[WhiteElo "1975"]
[BlackElo "1823"]
[PlyCount "45"]
[EventDate "2009.10.17"]

1. c4 g6 2. Nc3 Bg7 3. g3 f5 4. Bg2 Nf6 5. d3 d6 6. e4 e5 7. Nge2 O-O 8. O-O a5
9. h3 Na6 10. Be3 Qe8 11. Qd2 c6 12. Na4 Bd7 13. Nb6 Qf7 14. Nxa8 Rxa8 15. Rac1
Nc7 16. f4 Nh5 17. fxe5 Bxe5 18. g4 Nf6 19. d4 fxg4 20. dxe5 gxh3 21. Rxf6 Qg7
22. Bh6 Qe7 23. Qxd6 1-0

[Event "XXXI Festival A"]
[Site "Arco ITA"]
[Date "2009.10.19"]
[Round "3"]
[White "De Polzer, Manfredi"]
[Black "Orlandi, Stefano"]
[Result "1/2-1/2"]
[WhiteElo "1812"]
[BlackElo "1948"]
[PlyCount "88"]
[EventDate "2009.10.17"]

1. e4 c5 2. c3 Nc6 3. d4 cxd4 4. cxd4 d6 5. Nf3 e6 6. Nc3 Nf6 7. a3 a6 8. Be2
Be7 9. d5 exd5 10. exd5 Nb8 11. O-O O-O 12. Bg5 Nbd7 13. Qd2 b5 14. Rac1 Nc5
15. Bd1 Bb7 16. Bc2 Ncd7 17. Rfe1 Re8 18. b4 Rc8 19. a4 Nf8 20. axb5 axb5 21.
Bd3 Nxd5 22. Nxd5 Bxg5 23. Nxg5 Rxc1 24. Rxc1 Bxd5 25. Nxh7 Bc4 26. Nxf8 Kxf8
27. Bxc4 bxc4 28. Rxc4 Qe7 29. Kf1 Ra8 30. g3 Qe6 31. Rc1 f6 32. Re1 Ra2 33.
Qc3 Qf5 34. Qe3 Qe5 35. Qb3 Qb2 36. Qe3 Qe5 37. Qb6 Ra1 38. Rxa1 Qxa1+ 39. Kg2
Qa8+ 40. Kh3 Qd5 41. Qd8+ Kf7 42. Qd7+ Kf8 43. b5 Qh5+ 44. Kg2 Qd5+ 1/2-1/2

[Event "XXXI Festival A"]
[Site "Arco ITA"]
[Date "2009.10.19"]
[Round "3"]
[White "Di Lazzaro, Gabriele"]
[Black "Tovazzi, Maurizio"]
[Result "1-0"]
[WhiteElo "1930"]
[BlackElo "1643"]
[PlyCount "151"]
[EventDate "2009.10.17"]

1. e4 e5 2. Nf3 Nc6 3. Bc4 h6 4. d4 exd4 5. Nxd4 Ne5 6. Bb3 Nf6 7. O-O Bc5 8.
Nc3 a6 9. Kh1 d6 10. f3 O-O 11. Nce2 Kh7 12. Ng3 Bd7 13. Ndf5 b5 14. Bf4 Ng6
15. Bd2 Rb8 16. Qc1 Bxf5 17. Nxf5 Ng8 18. Be3 f6 19. Bd2 Qd7 20. g4 Rbe8 21.
Kg2 Re5 22. Rh1 Rfe8 23. h4 N6e7 24. Ng3 d5 25. Bf4 dxe4 26. Nxe4 Rxe4 27. fxe4
Qxg4+ 28. Bg3 Qxe4+ 29. Kh2 Qe2+ 30. Kh3 Ng6 31. Qf1 Qh5 32. Re1 Rd8 33. Qe2
Qf5+ 34. Qg4 Qxg4+ 35. Kxg4 Rd4+ 36. Kf3 N8e7 37. Re4 Rd2 38. Rhe1 Nf5 39. Rf1
Nxg3 40. Kxg3 Bd6+ 41. Kf3 Rh2 42. Re8 Nxh4+ 43. Kg4 h5+ 44. Kxh5 g6+ 45. Kg4
f5+ 46. Kg5 Rh3 47. Bd5 f4 48. Rh1 Rxh1 49. Bxh1 Nf5 50. Be4 Ne7 51. Ra8 Kg7
52. Rxa6 Be5 53. Re6 Bd6 54. Bxg6 Nxg6 55. Rxg6+ Kf7 56. Rh6 Ke7 57. Kf5 Kd7
58. Ke4 Kc6 59. Rf6 Kc5 60. Rf5+ Kc6 61. Kd4 Kb6 62. c4 bxc4 63. Kxc4 Kc6 64.
b4 Kb6 65. a4 Ka6 66. a5 Kb7 67. b5 Ka7 68. Rf7 Kb7 69. Kc3 Ka7 70. Kb3 Kb7 71.
Kc4 Ka7 72. Kd5 Kb7 73. Kc4 Ka7 74. Rd7 Kb7 75. b6 f3 76. Kb5 1-0

[Event "XXXI Festival A"]
[Site "Arco ITA"]
[Date "2009.10.19"]
[Round "3"]
[White "Ferrari, Michele"]
[Black "Lezzerini, Marco"]
[Result "1-0"]
[WhiteElo "1827"]
[BlackElo "1587"]
[PlyCount "55"]
[EventDate "2009.10.17"]

1. d4 d5 2. e3 Bf5 3. c4 c6 4. Qb3 Qb6 5. Qxb6 axb6 6. cxd5 Bxb1 7. Rxb1 Rxa2
8. dxc6 bxc6 9. Bc4 Ra7 10. Nf3 Nd7 11. O-O Ngf6 12. Bd2 e6 13. Ra1 Rxa1 14.
Rxa1 Bd6 15. Ra8+ Nb8 16. Bd3 O-O 17. e4 Nfd7 18. e5 Be7 19. Be4 Rc8 20. g3 h6
21. Ra7 Kf8 22. Bc3 Ke8 23. Nd2 Kd8 24. Nc4 Rc7 25. Ra8 Ke8 26. Nxb6 Bd8 27.
Nxd7 Nxd7 28. Ba5 1-0

[Event "XXXI Festival A"]
[Site "Arco ITA"]
[Date "2009.10.19"]
[Round "3"]
[White "Fragni, Enrico"]
[Black "Marcori, Mirko"]
[Result "0-1"]
[WhiteElo "1767"]
[BlackElo "1878"]
[PlyCount "110"]
[EventDate "2009.10.17"]

1. c3 d5 2. d3 e5 3. Qc2 Nf6 4. e4 c6 5. Bg5 Be7 6. Be2 Nbd7 7. Nd2 h6 8. Bh4
a6 9. Ngf3 Nh5 10. Bxe7 Qxe7 11. g3 Ndf6 12. h3 Nh7 13. Nh4 N5f6 14. Nf5 Bxf5
15. exf5 a5 16. a4 e4 17. dxe4 Nxe4 18. Nxe4 dxe4 19. O-O-O Qg5+ 20. Kb1 Qxf5
21. Bg4 Qe5 22. Bd7+ Kf8 23. h4 Nf6 24. Bh3 g6 25. g4 Kg7 26. Rde1 Rae8 27. Re2
Re7 28. Bg2 Rhe8 29. Rhe1 Qf4 30. g5 hxg5 31. hxg5 Qxg5 32. Bxe4 Rxe4 33. Rxe4
Rxe4 34. Rxe4 Nxe4 35. Qxe4 Qg1+ 36. Ka2 Qxf2 37. Qe5+ Qf6 38. Qxa5 Qe6+ 39.
Ka3 f5 40. Qc7+ Qf7 41. Qe5+ Kg8 42. b4 g5 43. Qb8+ Kh7 44. Qh2+ Kg6 45. Qh8 f4
46. a5 f3 47. Qh1 Qf6 48. Qb1+ Kg7 49. Kb3 f2 50. Qf1 Qe6+ 51. Ka3 Qe1 52. Qg2
Qxc3+ 53. Ka2 Qd2+ 54. Ka3 Qc1+ 55. Ka2 f1=Q 0-1

[Event "XXXI Festival A"]
[Site "Arco ITA"]
[Date "2009.10.19"]
[Round "3"]
[White "Galas, Franco"]
[Black "Fortunato, Vito"]
[Result "0-1"]
[WhiteElo "1792"]
[BlackElo "1913"]
[PlyCount "52"]
[EventDate "2009.10.17"]

1. d4 Nf6 2. Nf3 g6 3. e3 Bg7 4. Be2 O-O 5. c3 d5 6. Nbd2 Nbd7 7. b3 Re8 8. Bb2
b6 9. h4 h5 10. Qc2 Bb7 11. O-O-O Ng4 12. Rdf1 c5 13. Nh2 Ngf6 14. g4 cxd4 15.
exd4 e5 16. gxh5 exd4 17. cxd4 Rc8 18. Bc3 Rxe2 19. hxg6 Ne4 20. gxf7+ Kxf7 21.
f3 Nxc3 22. Qf5+ Nf6 23. Rhg1 Qe7 24. Rxg7+ Kxg7 25. Qg5+ Kf7 26. Ng4 Nce4+ 0-1

[Event "XXXI Festival A"]
[Site "Arco ITA"]
[Date "2009.10.19"]
[Round "3"]
[White "Gandolfi, Gianfranco"]
[Black "Mulone, Gaspare"]
[Result "1-0"]
[WhiteElo "1861"]
[BlackElo "1394"]
[PlyCount "89"]
[EventDate "2009.10.17"]

1. e4 e6 2. d4 d6 3. Nf3 g6 4. Be3 Bg7 5. Qd2 Bd7 6. Nc3 a6 7. a4 Qe7 8. Bc4
Qf8 9. O-O Nc6 10. d5 Nd8 11. dxe6 Nxe6 12. Nd4 Bxd4 13. Bxd4 Nxd4 14. Qxd4 Ne7
15. Nd5 Nxd5 16. exd5 Kd8 17. Rfe1 f5 18. b4 Rg8 19. Qh4+ Kc8 20. b5 axb5 21.
Bxb5 Rg7 22. Bxd7+ Kxd7 23. Qb4 Kc8 24. Rab1 b6 25. Qb5 Re7 26. Qc6 Ra5 27. h3
Kb8 28. Rxb6+ cxb6 29. Qxb6+ Kc8 30. Qxa5 Rxe1+ 31. Qxe1 Qf7 32. Qe6+ Qd7 33.
Kf1 Kc7 34. Qxd7+ Kxd7 35. Ke2 Kc7 36. Kd3 Kb6 37. Kc4 g5 38. f3 h5 39. g4 fxg4
40. fxg4 h4 41. Kb4 Ka6 42. c4 Kb6 43. a5+ Ka6 44. c5 dxc5+ 45. Kxc5 1-0

[Event "XXXI Festival A"]
[Site "Arco ITA"]
[Date "2009.10.19"]
[Round "3"]
[White "Giancotti, Eraldo"]
[Black "Terna, Giovanni"]
[Result "1-0"]
[WhiteElo "2109"]
[BlackElo "1766"]
[PlyCount "43"]
[EventDate "2009.10.17"]

1. Nf3 Nf6 2. d4 g6 3. Bf4 Bg7 4. Nc3 d6 5. Qd2 c6 6. Bh6 Bxh6 7. Qxh6 Nbd7 8.
e4 Qa5 9. Bd3 Qh5 10. Qe3 a6 11. O-O-O Qa5 12. h3 e5 13. Bc4 b5 14. dxe5 dxe5
15. Bb3 h6 16. Kb1 Qc7 17. g4 Nb6 18. Nxe5 Qxe5 19. Qxb6 O-O 20. Qxc6 Ra7 21.
f4 Qe7 22. e5 1-0

[Event "XXXI Festival A"]
[Site "Arco ITA"]
[Date "2009.10.19"]
[Round "3"]
[White "Giaracuni, Claudio"]
[Black "Marini, Lucio"]
[Result "1-0"]
[WhiteElo "1771"]
[BlackElo "1884"]
[PlyCount "53"]
[EventDate "2009.10.17"]

1. d4 Nf6 2. Nf3 g6 3. Bf4 Bg7 4. e3 O-O 5. Bd3 d6 6. c4 c5 7. Nc3 Nc6 8. d5
Na5 9. h3 Nh5 10. Bh2 f5 11. Qc2 Nf6 12. O-O e5 13. dxe6 Bxe6 14. e4 Nxe4 15.
Bxe4 fxe4 16. Nxe4 Nxc4 17. Nxd6 Nxd6 18. Rad1 Bd4 19. Nxd4 cxd4 20. Rxd4 Rc8
21. Qd1 Qg5 22. Rxd6 Bxh3 23. Qb3+ Kh8 24. Qxh3 Rc2 25. Rd7 h5 26. Qe3 Rcxf2
27. Be5+ 1-0

[Event "XXXI Festival A"]
[Site "Arco ITA"]
[Date "2009.10.19"]
[Round "3"]
[White "Hasberger, Walter"]
[Black "Rampini, Carlo"]
[Result "1-0"]
[WhiteElo "1894"]
[BlackElo "1820"]
[PlyCount "99"]
[EventDate "2009.10.17"]

1. e4 e5 2. Nc3 Nf6 3. f4 d5 4. fxe5 Nxe4 5. Qf3 Nxc3 6. dxc3 Qh4+ 7. g3 Qe4+
8. Qxe4 dxe4 9. Bg2 Bf5 10. Ne2 c5 11. Bf4 Nd7 12. O-O-O Be7 13. h3 g5 14. Be3
O-O-O 15. g4 Bg6 16. Ng3 Nxe5 17. Nxe4 Bxe4 18. Bxe4 f6 19. b3 b6 20. Bf2 Kc7
21. Bg3 Bd6 22. Rhf1 Rdf8 23. Rf2 h5 24. Rfd2 Rd8 25. Bf5 hxg4 26. hxg4 Nf7 27.
Bxd6+ Nxd6 28. Bd3 Rh3 29. Rg1 Nf7 30. Rf2 Rd6 31. Kb2 Ne5 32. Bf5 Rf3 33. Rh2
a5 34. Rh7+ Nd7 35. Re1 Rf2 36. Ree7 Rfd2 37. Rhf7 b5 38. a3 b4 39. axb4 axb4
40. cxb4 cxb4 41. Re4 R2d4 42. Bxd7 Rxd7 43. Rxd7+ Rxd7 44. Rxb4 Rd5 45. Re4
Kd6 46. b4 f5 47. gxf5 Rxf5 48. c4 Rf4 49. Rxf4 gxf4 50. Kc2 1-0

[Event "XXXI Festival A"]
[Site "Arco ITA"]
[Date "2009.10.19"]
[Round "3"]
[White "Helbig, Dieter"]
[Black "Virzi, Ettore"]
[Result "1/2-1/2"]
[WhiteElo "1858"]
[BlackElo "1986"]
[PlyCount "53"]
[EventDate "2009.10.17"]

1. c4 Nf6 2. Nc3 g6 3. g3 Bg7 4. Bg2 O-O 5. d4 d6 6. e3 Nbd7 7. Nge2 e5 8. O-O
c6 9. d5 cxd5 10. cxd5 Ne8 11. e4 f5 12. Be3 Ndf6 13. h3 Nxe4 14. Nxe4 fxe4 15.
Nc3 Nf6 16. Qd2 Qa5 17. a3 Bd7 18. b4 Qa6 19. Rfc1 b5 20. Bf1 Qb7 21. a4 bxa4
22. Nxa4 Rfc8 23. Rxc8+ Rxc8 24. Nb2 Qxd5 25. Bc4 Rxc4 26. Qxd5+ Nxd5 27. Nxc4
1/2-1/2

[Event "XXXI Festival A"]
[Site "Arco ITA"]
[Date "2009.10.19"]
[Round "3"]
[White "Innocenti, Sandro"]
[Black "Sigmund, Ingenuin"]
[Result "1-0"]
[WhiteElo "1701"]
[BlackElo "1825"]
[PlyCount "77"]
[EventDate "2009.10.17"]

1. e4 e6 2. d4 d5 3. e5 c5 4. c3 Nc6 5. Nf3 Qb6 6. a3 a5 7. Bd3 h6 8. O-O Bd7
9. Bc2 Nge7 10. dxc5 Qc7 11. Re1 g5 12. Nbd2 Bg7 13. Ba4 g4 14. Nd4 Nxe5 15.
Nb5 Bxb5 16. Bxb5+ N7c6 17. Nb3 O-O 18. Bxc6 Qxc6 19. Bxh6 Ng6 20. Bxg7 Kxg7
21. Qxg4 Rg8 22. Re3 Kf8 23. Qg5 Qb5 24. Nd4 Qd7 25. Rae1 Re8 26. Qh6+ Rg7 27.
Nf5 f6 28. Nxg7 Qxg7 29. Qxg7+ Kxg7 30. Rxe6 Rc8 31. b4 axb4 32. cxb4 Ra8 33.
Ra1 Kf7 34. Rb6 Ra7 35. Kf1 Ne5 36. Rb5 Ke6 37. Ra5 Rxa5 38. bxa5 Nd3 39. c6
1-0

[Event "XXXI Festival A"]
[Site "Arco ITA"]
[Date "2009.10.19"]
[Round "3"]
[White "Isatto, Davide"]
[Black "Barlotti, Gabriele"]
[Result "1-0"]
[WhiteElo "1942"]
[BlackElo "1664"]
[PlyCount "85"]
[EventDate "2009.10.17"]

1. d4 d5 2. c4 e6 3. Nc3 Nf6 4. cxd5 exd5 5. Bg5 Nbd7 6. e3 Be7 7. Qc2 c6 8.
Bd3 O-O 9. Nge2 Re8 10. O-O Qc7 11. Rab1 Bd6 12. Bf4 Bxf4 13. Nxf4 Qd8 14. b4
a6 15. a4 Nf8 16. b5 axb5 17. axb5 Ne6 18. bxc6 bxc6 19. Nxe6 Bxe6 20. Na4 Qd6
21. Rb6 Rec8 22. Ba6 Rc7 23. Bb7 Rb8 24. Rxc6 Rxc6 25. Qxc6 Qd7 26. Qxd7 Bxd7
27. Nc5 Be6 28. Ra1 Kf8 29. Ra8 Rxa8 30. Bxa8 Ke7 31. Bc6 Kd6 32. Ba4 Nd7 33.
Bxd7 Bxd7 34. Nxd7 Kxd7 35. Kf1 Ke6 36. Ke2 f5 37. Kd3 g5 38. f3 h6 39. e4 h5
40. e5 f4 41. Kc3 Kf5 42. Kb4 h4 43. h3 1-0

[Event "XXXI Festival A"]
[Site "Arco ITA"]
[Date "2009.10.19"]
[Round "3"]
[White "Kern, Beat"]
[Black "Buglisi, Massimo"]
[Result "1/2-1/2"]
[WhiteElo "1651"]
[BlackElo "1931"]
[PlyCount "104"]
[EventDate "2009.10.17"]

1. d4 Nf6 2. c4 c5 3. d5 Ne4 4. f3 Qa5+ 5. Bd2 Nxd2 6. Qxd2 Qxd2+ 7. Nxd2 g6 8.
e3 Bg7 9. Rb1 d6 10. Bd3 Na6 11. a3 Bd7 12. Ne2 Nc7 13. O-O b5 14. b3 O-O 15.
Rfc1 Rfc8 16. Nc3 b4 17. axb4 cxb4 18. Ne2 Na6 19. Ne4 f5 20. Nd2 Nc5 21. Bc2
e6 22. Nf4 g5 23. Nxe6 Nxe6 24. dxe6 Bxe6 25. Rd1 d5 26. cxd5 Bxd5 27. Nc4 Bxc4
28. bxc4 a5 29. e4 f4 30. Ba4 Rd8 31. Rd5 Rxd5 32. exd5 Bd4+ 33. Kf1 Kf8 34.
Re1 Be3 35. Ke2 Ke7 36. Kd3 Kd6 37. Rb1 Ra7 38. Rb2 Re7 39. Re2 Rb7 40. Rb2 h5
41. h3 Rg7 42. Ke4 g4 43. hxg4 hxg4 44. fxg4 Rxg4 45. Bd1 Rg7 46. Ra2 Re7+ 47.
Kd3 Bb6 48. Re2 Rxe2 49. Kxe2 Ke5 50. Kd3 Bc5 51. Bb3 Kf5 52. Bd1 Ke5 1/2-1/2

[Event "XXXI Festival A"]
[Site "Arco ITA"]
[Date "2009.10.19"]
[Round "3"]
[White "Kierzek, Matthias"]
[Black "Van Riemsdijk, Herman C."]
[Result "0-1"]
[WhiteElo "2154"]
[BlackElo "2385"]
[PlyCount "42"]
[EventDate "2009.10.17"]

1. d4 Nf6 2. c4 c5 3. d5 b5 4. Bg5 d6 5. Nd2 Nbd7 6. e4 Qa5 7. Qc2 g6 8. Ngf3
Bg7 9. h3 Ba6 10. Be2 bxc4 11. Bxc4 Bxc4 12. Qxc4 Rb8 13. Qc2 h6 14. Be3 Nh7
15. Rb1 Qxa2 16. Nc4 Rb4 17. Nfd2 Nb6 18. Nxb6 axb6 19. O-O O-O 20. Ra1 Qxb2
21. Qxb2 Rxb2 0-1

[Event "XXXI Festival A"]
[Site "Arco ITA"]
[Date "2009.10.19"]
[Round "3"]
[White "Kierzek, Mira"]
[Black "Weinberg, Emanuele"]
[Result "1-0"]
[WhiteElo "2043"]
[BlackElo "1874"]
[PlyCount "93"]
[EventDate "2009.10.17"]

1. Nf3 d5 2. d4 Nf6 3. e3 Bg4 4. Be2 e6 5. h3 Bh5 6. O-O Nbd7 7. c4 dxc4 8.
Bxc4 Be7 9. Nc3 O-O 10. e4 Nb6 11. Be2 c5 12. Be3 Bxf3 13. gxf3 cxd4 14. Bxd4
Rc8 15. Rc1 Bc5 16. Be5 Qe7 17. Bd3 Nh5 18. Kh2 Qg5 19. Bg3 Nf4 20. Ne2 Nxd3
21. Qxd3 Rfd8 22. Qb3 Rd2 23. f4 Qe7 24. Nc3 Rcd8 25. e5 R8d3 26. Kh1 Rf3 27.
Nd5 Rxb3 28. Nxe7+ Bxe7 29. axb3 f6 30. Rc7 Nd5 31. Rxb7 Rxb2 32. Ra1 Bc5 33.
Rc1 Be7 34. exf6 gxf6 35. Rd1 Kf7 36. f5 Nc3 37. fxe6+ Kxe6 38. Re1+ Re2 39.
Rxe2+ Nxe2 40. Rxa7 Nxg3+ 41. fxg3 Bd6 42. Rxh7 Bxg3 43. Kg2 Be5 44. Kf3 Kd6
45. Ke4 Ke6 46. Rb7 Kd6 47. Kf5 1-0

[Event "XXXI Festival A"]
[Site "Arco ITA"]
[Date "2009.10.19"]
[Round "3"]
[White "Koenig, Joel"]
[Black "Sprea, Giuseppe"]
[Result "1/2-1/2"]
[WhiteElo "1884"]
[BlackElo "2018"]
[PlyCount "50"]
[EventDate "2009.10.17"]

1. Nc3 d5 2. d4 Bf5 3. Nf3 e6 4. Bf4 a6 5. e3 Nf6 6. Bd3 Bxd3 7. Qxd3 Be7 8.
O-O Nbd7 9. e4 dxe4 10. Nxe4 O-O 11. c4 c5 12. Rad1 Qb6 13. Bg5 cxd4 14. Nxf6+
Bxf6 15. Bxf6 Nxf6 16. Qxd4 Qxd4 17. Rxd4 Rfd8 18. Rfd1 Rxd4 19. Rxd4 Kf8 20.
Kf1 Ke8 21. Ne5 Rc8 22. Ke2 Rc5 23. f4 Rc7 24. Kd3 h5 25. h3 Nd7 1/2-1/2

[Event "XXXI Festival A"]
[Site "Arco ITA"]
[Date "2009.10.19"]
[Round "3"]
[White "Lazzaroni, Fabio"]
[Black "Thurner, Markus"]
[Result "1/2-1/2"]
[WhiteElo "1867"]
[BlackElo "1728"]
[PlyCount "64"]
[EventDate "2009.10.17"]

1. e4 e5 2. Nf3 Nc6 3. Bc4 Bc5 4. c3 Nf6 5. d4 Bd6 6. O-O O-O 7. Bg5 h6 8. Bh4
g5 9. Bg3 Nxe4 10. Bxe5 Ne7 11. Qe2 Bxe5 12. dxe5 d5 13. exd6 Nxd6 14. Bb3 Ng6
15. Nd4 Re8 16. Qh5 Kg7 17. Nd2 c5 18. Nc2 Nf4 19. Qd1 b5 20. Ne3 Bb7 21. Nf3
c4 22. Bc2 Qf6 23. Qxd6 Ne2+ 24. Kh1 Re6 25. Nf5+ Qxf5 26. Bxf5 Rxd6 27. Rfe1
Bxf3 28. gxf3 Rd2 29. Rab1 Rad8 30. Kg2 Kf6 31. Be4 R8d6 32. Kf1 Nf4 1/2-1/2

[Event "XXXI Festival A"]
[Site "Arco ITA"]
[Date "2009.10.19"]
[Round "3"]
[White "Manca, Federico"]
[Black "Knors, Rudi"]
[Result "1-0"]
[WhiteElo "2356"]
[BlackElo "2113"]
[PlyCount "107"]
[EventDate "2009.10.17"]

1. e4 c6 2. d4 d5 3. Nc3 dxe4 4. Nxe4 Bf5 5. Ng3 Bg6 6. Bc4 e6 7. N1e2 Bd6 8.
Nf4 Qc7 9. Nfh5 Bxh5 10. Nxh5 g6 11. Ng3 Nf6 12. Qf3 Nbd7 13. Ne2 Qa5+ 14. Bd2
Qf5 15. Qb3 b5 16. Bd3 Qd5 17. O-O Nb6 18. h3 O-O 19. c3 e5 20. Qxd5 Nfxd5 21.
dxe5 Bxe5 22. Rad1 Rac8 23. Bc1 Rfd8 24. Rfe1 Bg7 25. Kf1 a6 26. Be4 Rd7 27.
Nf4 Rcd8 28. Nxd5 Nxd5 29. Bf3 Bf6 30. Bg4 Re7 31. Rxe7 Bxe7 32. Bf3 f5 33. Be2
Kg7 34. g3 h5 35. h4 Nf6 36. Rxd8 Bxd8 37. Be3 Nd5 38. Bc5 Be7 39. Ba7 Bd6 40.
c4 Ne7 41. b3 Kf7 42. Bd4 Ke6 43. Bf3 Be5 44. Bb6 Kd7 45. Ke2 Ke6 46. Kd3 Bd6
47. Bd4 Bc7 48. Bc5 Bd6 49. cxb5 cxb5 50. Kd4 a5 51. a4 bxa4 52. bxa4 f4 53. g4
hxg4 54. Bxg4+ 1-0

[Event "XXXI Festival A"]
[Site "Arco ITA"]
[Date "2009.10.19"]
[Round "3"]
[White "Matei, Bogdan Stefan"]
[Black "Saponara, Nicola"]
[Result "0-1"]
[WhiteElo "1707"]
[BlackElo "1845"]
[PlyCount "42"]
[EventDate "2009.10.17"]

1. e4 c5 2. Nf3 d6 3. d4 cxd4 4. Nxd4 Nf6 5. Nc3 g6 6. f3 Bg7 7. Be3 O-O 8. Qd2
Nc6 9. O-O-O d5 10. exd5 Nxd5 11. Nxc6 bxc6 12. Nxd5 cxd5 13. Qxd5 Qc7 14. Qc5
Qb7 15. Bd4 Bf5 16. Qb5 Qc7 17. Qc4 Qf4+ 18. Rd2 Rfc8 19. Bc5 Qxc4 20. Bxc4
Rxc5 21. Bb3 Bh6 0-1

[Event "XXXI Festival A"]
[Site "Arco ITA"]
[Date "2009.10.19"]
[Round "3"]
[White "Modena, Giorgio"]
[Black "Ebeling, Jens"]
[Result "1/2-1/2"]
[WhiteElo "1892"]
[BlackElo "2047"]
[PlyCount "46"]
[EventDate "2009.10.17"]

1. e4 c5 2. Nf3 e6 3. c3 Nf6 4. e5 Nd5 5. Bc4 d6 6. exd6 Bxd6 7. d4 O-O 8. Bxd5
exd5 9. dxc5 Re8+ 10. Be3 Bxc5 11. Nd4 Nc6 12. O-O Ne5 13. Bf4 Qf6 14. Bg3 Bd7
15. Re1 Nd3 16. Rf1 Nxb2 17. Qb3 Bxd4 18. cxd4 Qxd4 19. Nc3 Rac8 20. Qxb2 Qxc3
21. Qxb7 Bf5 22. Qxd5 Be6 23. Qb7 Qa3 1/2-1/2

[Event "XXXI Festival A"]
[Site "Arco ITA"]
[Date "2009.10.19"]
[Round "3"]
[White "Mombelli, Antonio"]
[Black "Mazza, Maurizio"]
[Result "1-0"]
[WhiteElo "1829"]
[BlackElo "1677"]
[PlyCount "45"]
[EventDate "2009.10.17"]

1. e4 e5 2. Nf3 Nc6 3. Bb5 Nf6 4. O-O d6 5. h3 Be7 6. Nc3 Bd7 7. d4 exd4 8.
Nxd4 Nxd4 9. Qxd4 O-O 10. Bxd7 Qxd7 11. Be3 a5 12. Rad1 c5 13. Qd3 Qc6 14. Nd5
Nxd5 15. Qxd5 Qxd5 16. Rxd5 Rad8 17. Rfd1 Bf6 18. c3 Rfe8 19. f3 Re6 20. Bxc5
Be7 21. Kf1 Kf8 22. e5 Ke8 23. exd6 1-0

[Event "XXXI Festival A"]
[Site "Arco ITA"]
[Date "2009.10.18"]
[Round "3"]
[White "Niccoli, Paolo"]
[Black "Trimarchi, Giuseppe"]
[Result "1-0"]
[WhiteElo "1947"]
[BlackElo "1722"]
[PlyCount "157"]
[EventDate "2009.10.17"]

1. e4 e5 2. Nf3 Nc6 3. Bb5 a6 4. Ba4 Nf6 5. d3 b5 6. Bb3 Be7 7. O-O d6 8. c3
Na5 9. Bc2 c5 10. Nbd2 Nc6 11. Re1 O-O 12. Nf1 Re8 13. Ng3 g6 14. h3 Bf8 15.
Bg5 Bg7 16. Qd2 Qc7 17. Rac1 Bb7 18. d4 a5 19. d5 Nb8 20. Bh6 Bc8 21. Qg5 Qe7
22. Bxg7 Kxg7 23. Nh4 Kh8 24. f4 exf4 25. Qxf4 Nbd7 26. Nf3 Ne5 27. Nxe5 Qxe5
28. Qf3 Ba6 29. Rf1 Kg7 30. b3 Re7 31. Rf2 Rf8 32. Rcf1 Ng8 33. Ne2 b4 34. c4
Bc8 35. Nf4 f5 36. exf5 Bxf5 37. Ne6+ Rxe6 38. dxe6 Qxe6 39. Bxf5 Rxf5 40. Qb7+
Kh6 41. Rxf5 gxf5 42. Qf3 Kg6 43. Rd1 Nf6 44. Qg3+ Kf7 45. Rxd6 Qe2 46. Ra6
Qxa2 47. Ra7+ Ke6 48. Ra6+ Kf7 49. Ra7+ Ke6 50. Qe3+ Ne4 51. Qf4 Qa1+ 52. Kh2
Nf6 53. Qc7 Qe5+ 54. Qxe5+ Kxe5 55. Rxa5 Kd4 56. Kg3 Nh5+ 57. Kf3 Kc3 58. Rxc5
Kxb3 59. Rxf5 Ng7 60. Rf7 Ne6 61. Re7 Nd4+ 62. Ke4 Kc3 63. c5 Kc4 64. Rxh7 Kxc5
65. Rc7+ Nc6 66. Kd3 Kb5 67. Rxc6 Kxc6 68. Kc4 Kd6 69. Kxb4 Kd5 70. g4 Ke5 71.
Kc4 Ke4 72. h4 Kf4 73. g5 Kf5 74. Kd5 Kg6 75. Ke6 Kg7 76. h5 Kg8 77. Kf6 Kf8
78. g6 Kg8 79. g7 1-0

[Event "XXXI Festival A"]
[Site "Arco ITA"]
[Date "2009.10.19"]
[Round "3"]
[White "Nicolodi, Raoul"]
[Black "Clech, Jean-Louis"]
[Result "1/2-1/2"]
[WhiteElo "1909"]
[BlackElo "2052"]
[PlyCount "50"]
[EventDate "2009.10.17"]

1. d4 Nc6 2. Bf4 d5 3. e3 Bf5 4. c3 e6 5. Nf3 Bd6 6. Bg3 Nge7 7. Bd3 Bg4 8.
Nbd2 e5 9. dxe5 Nxe5 10. Be2 Nxf3+ 11. Nxf3 c6 12. Nd4 Bxe2 13. Qxe2 O-O 14.
O-O Bxg3 15. hxg3 Re8 16. Rfd1 Qb6 17. Qc2 Rad8 18. a4 c5 19. Ne2 Nc6 20. Rd2
d4 21. exd4 cxd4 22. Rad1 dxc3 23. Rxd8 Rxd8 24. Rxd8+ Qxd8 25. Nxc3 h6 1/2-1/2

[Event "XXXI Festival A"]
[Site "Arco ITA"]
[Date "2009.10.19"]
[Round "3"]
[White "Paggiaro, Luca"]
[Black "Antoniacci, Riccardo"]
[Result "0-1"]
[WhiteElo "2049"]
[BlackElo "1895"]
[PlyCount "156"]
[EventDate "2009.10.17"]

1. e4 c5 2. Nc3 Nc6 3. Bc4 g6 4. d3 Bg7 5. f4 e6 6. Be3 b6 7. Nf3 Nge7 8. Bf2
d5 9. Bb5 d4 10. Ne2 O-O 11. O-O a6 12. Bxc6 Nxc6 13. Bh4 Qd7 14. Qe1 Bb7 15.
Qg3 f5 16. e5 Nb4 17. Rfc1 Qa4 18. Ng5 Rae8 19. Qh3 Qc6 20. Bf2 h6 21. Nf3 Nd5
22. Nh4 Kf7 23. Qg3 Ne7 24. Rf1 Rh8 25. Nf3 Reg8 26. h4 Bf8 27. Rad1 Nd5 28. c3
dxc3 29. Nxc3 Be7 30. Nxd5 Qxd5 31. d4 c4 32. Rd2 b5 33. Rfd1 Qd8 34. Be3 Rg7
35. a3 Rhg8 36. d5 Bxd5 37. Rxd5 exd5 38. e6+ Ke8 39. Qh3 Bf6 40. Rd2 Re7 41.
Bd4 Rxe6 42. Bxf6 Rxf6 43. Ne5 d4 44. Qf3 Rg7 45. Nc6 Qd6 46. Nxd4 Re7 47. Qa8+
Kf7 48. Nf3 Qxf4 49. Rd8 Qe3+ 50. Kh2 Re8 51. Rd7+ Kf8 52. Qb7 Qf4+ 53. Kh1 Qb8
54. Qd5 Rfe6 55. Kg1 Qg3 56. Qc5+ Kg8 57. Qd5 Kf8 58. Qc5+ R6e7 59. Rxe7 Rxe7
60. Qd4 Re2 61. Qf6+ Ke8 62. Qc6+ Kd8 63. Qf6+ Kc7 64. Qf7+ Kb6 65. Qf6+ Kb7
66. Qf7+ Qc7 67. Qd5+ Ka7 68. Kf1 Re7 69. Qd4+ Qb6 70. Qd5 Qe3 71. a4 Qd3+ 72.
Qxd3 cxd3 73. axb5 axb5 74. Nd4 d2 75. Nxb5+ Kb6 76. Nc3 Re1+ 77. Kf2 d1=Q 78.
Nxd1 Rxd1 0-1